Přestávka skončila /

Hlavní autor: Ferrari, Dario, 1982-
Další autoři: Feltlová, Marina, 1971-
Jazyk: Čeština
Vydáno: Praha : Meridione, 2025
Vydání: Vydání první
Edice: Současná próza (Meridione)
Témata:
Fyzický popis: 420 stran ; 20 cm
Knihy
Uloženo v:
LEADER 01449nam a2200433 i 4500
001 nkc20253708223
003 CZ PrNK
005 20251218143628.0
007 ta
008 251029s2025 xr g 000 f cze
015 |a cnb003708223 
020 |a 978-80-53037-15-0  |q (brožováno)  |z 978-80-53037-09-9 :  |c Kč 409,00 
035 |a (OCoLC)1568010832 
040 |a ABG001  |b cze  |e rda 
041 1 |a cze  |h ita 
072 7 |a 821.131.1-3  |x Italská próza  |2 Konspekt  |9 25 
080 |a 821.131.1-31  |2 MRF 
080 |a (0:82-31)  |2 MRF 
100 1 |a Ferrari, Dario,  |d 1982-  |7 xx0337596  |4 aut 
240 1 0 |a Ricreazione è finita.  |l Česky 
245 1 0 |a Přestávka skončila /  |c Dario Ferrari ; přeložila Martina Feltlová 
250 |a Vydání první 
264 1 |a Praha :  |b Meridione,  |c 2025 
300 |a 420 stran ;  |c 20 cm 
336 |a text  |b txt  |2 rdacontent 
337 |a bez média  |b n  |2 rdamedia 
338 |a svazek  |b nc  |2 rdacarrier 
490 1 |a Současná próza ;  |v svazek 4 
500 |a Přeloženo z italštiny 
655 7 |a italské romány  |7 fd132481  |2 czenas 
655 9 |a Italian fiction  |2 eczenas 
700 1 |a Feltlová, Marina,  |d 1971-  |7 js20060602005  |4 trl 
830 0 |a Současná próza (Meridione)  |0 s 
910 2 |a BOA001  |b 1-1552.669 
920 |a 5168599  |z ABG001 
990 |a BK 
995 |a 01 
991 |b 202511  |c NOV 
996 6 |b 2611017749  |c 1-1552.669  |l MZK  |r Sklad / do 1 hodiny  |n 2  |p p.v.  |w 002024585  |u 000010  |a 1  |e BOA001  |j MZK50  |s P